Laddar...

Object oriented software engineering

Bibliografiska uppgifter
Huvudupphovsman: Bruegge,Bernd
Övriga upphovsmän: Dutoit,Allen H
Materialtyp: Printed Book
Språk:Undetermined
Publicerad: Pearson Delhi, 2013
Upplaga:2 ed.
Ämnen:
LEADER 00525nam a2200169Ia 4500
008 200324s9999 xx 000 0 und d
082 |a 005.1BRU-O 
100 |a Bruegge,Bernd 
245 0 |a Object oriented software engineering 
250 |a 2 ed. 
260 |b Pearson Delhi,  |c 2013 
300 |a 802p. 
650 |a software engineering 
700 |a Dutoit,Allen H 
942 |c BK 
999 |c 288479  |d 288479 
952 |0 0  |1 0  |4 0  |6 005_000000000000000_1BRUO  |7 0  |9 307014  |a SDE  |b SDE  |d 2019-01-01  |l 0  |o 005.1BRU-O  |p SDE24496  |r 2020-03-27  |w 2020-03-27  |y BK